[Event "Moscow City Team-ch"]
[Site "Moscow"]
[Date "2021.09.16"]
[Round "6"]
[White "Bykov, Egor"]
[Black "Titov, Alexander"]
[Result "1-0"]
[WhiteElo "2373"]
[BlackElo "2137"]
[PlyCount "79"]
[EventDate "2021.09.11"]
[EventType "team-swiss"]
[EventRounds "7"]
[EventCountry "RUS"]
[SourceTitle "EXT 2022"]
[Source "ChessBase"]
[SourceDate "2021.10.06"]
[SourceVersion "1"]
[SourceVersionDate "2021.10.06"]
[SourceQuality "1"]

1. Nf3 Nf6 2. b3 d5 3. Bb2 Bf5 4. g3 e6 5. Bg2 h6 6. 0-0 Be7 7. d3 0-0 8. Nbd2 Bh7 9. e3 Nbd7 10. Qe2 a5 11. a3 c6 12. Rfe1 Qb6 13. e4 Qa6 14. e5 Ne8 15. a4 Nc7 16. Nf1 b5 17. g4 bxa4 18. bxa4 Rfb8 19. Bc3 Bb4 20. Bd2 Bxd2 21. Qxd2 Rb4 22. g5 h5 23. Ng3 Bg6 24. Ne2 c5 25. Nf4 Qc6 26. Nh4 Nf8 27. c4 Rd8 28. Nhxg6 fxg6 29. Qe3 Kh7 30. Rac1 Rxa4 31. cxd5 Nxd5 32. Nxd5 exd5 33. e6 Re8 34. e7 Nd7 35. Qf3 Rg4 36. Qf7 Nb6 37. Re6 Qd7 38. Rxg6 Rxg2+ 39. Kxg2 Qg4+ 40. Kh1 1-0

[Event "Moscow City Team-ch"]
[Site "Moscow"]
[Date "2021.09.15"]
[Round "5"]
[White "Titov, Alexander"]
[Black "Teiitbaev, Aktilek"]
[Result "1-0"]
[WhiteElo "2137"]
[BlackElo "2106"]
[PlyCount "53"]
[EventDate "2021.09.11"]
[EventType "team-swiss"]
[EventRounds "7"]
[EventCountry "RUS"]
[SourceTitle "EXT 2022"]
[Source "ChessBase"]
[SourceDate "2021.10.06"]
[SourceVersion "1"]
[SourceVersionDate "2021.10.06"]
[SourceQuality "1"]

1. d4 Nf6 2. c4 c6 3. Nc3 d5 4. e3 e6 5. Nf3 Nbd7 6. Qc2 Bd6 7. g4 h6 8. Rg1 Qe7 9. h4 dxc4 10. Bxc4 Nb6 11. Be2 e5 12. g5 hxg5 13. dxe5 Bxe5 14. Rxg5 Bc7 15. Rxg7 Be6 16. Bd2 Nc4 17. 0-0-0 Nxd2 18. Rxd2 Nd7 19. Ng5 0-0-0 20. Nxe6 Qxe6 21. Bg4 Qf6 22. Rh7 Rxh7 23. Qxh7 Ba5 24. Qd3 Bxc3 25. Bxd7+ Kc7 26. bxc3 Qe7 27. h5 1-0

[Event "Moscow City Team-ch"]
[Site "Moscow"]
[Date "2021.09.14"]
[Round "4"]
[White "Amirdzhanyan, Vladimir"]
[Black "Titov, Alexander"]
[Result "0-1"]
[WhiteElo "2031"]
[BlackElo "2137"]
[PlyCount "68"]
[EventDate "2021.09.11"]
[EventType "team-swiss"]
[EventRounds "7"]
[EventCountry "RUS"]
[SourceTitle "EXT 2022"]
[Source "ChessBase"]
[SourceDate "2021.10.06"]
[SourceVersion "1"]
[SourceVersionDate "2021.10.06"]
[SourceQuality "1"]

1. d4 Nf6 2. Nf3 e6 3. c4 b6 4. g3 Ba6 5. Qc2 c5 6. Bg2 Bb7 7. 0-0 Be7 8. d5 exd5 9. Nh4 0-0 10. Nc3 Na6 11. cxd5 d6 12. e4 Nb4 13. Qa4 Nd3 14. Bd2 Re8 15. Qb5 Nb4 16. a3 Nc2 17. Rac1 Nd4 18. Qa4 Qd7 19. Qxd7 Nxd7 20. Be3 Nb3 21. Rcd1 Ba6 22. Rfe1 Ne5 23. Nf5 Bf8 24. f4 Nd3 25. Re2 g6 26. Nh4 Bg7 27. Rc2 c4 28. Bf1 f5 29. Bxd3 cxd3 30. Rf2 Bxc3 31. bxc3 Rxe4 32. Ng2 Rc8 33. Bd2 Nxd2 34. Rfxd2 Rxc3 0-1

[Event "Moscow City Team-ch"]
[Site "Moscow"]
[Date "2021.09.12"]
[Round "2"]
[White "Kozionov, Kirill"]
[Black "Titov, Alexander"]
[Result "1-0"]
[WhiteElo "2438"]
[BlackElo "2137"]
[PlyCount "109"]
[EventDate "2021.09.11"]
[EventType "team-swiss"]
[EventRounds "7"]
[EventCountry "RUS"]
[SourceTitle "EXT 2022"]
[Source "ChessBase"]
[SourceDate "2021.10.06"]
[SourceVersion "1"]
[SourceVersionDate "2021.10.06"]
[SourceQuality "1"]

1. Nf3 Nf6 2. b3 d5 3. Bb2 Bf5 4. g3 e6 5. Bg2 h6 6. 0-0 Nbd7 7. d3 Be7 8. Nbd2 0-0 9. c4 c6 10. Qc2 Bh7 11. a3 a5 12. Ne5 Nxe5 13. Bxe5 Nd7 14. Bc3 b5 15. cxb5 cxb5 16. Qb2 f6 17. Bh3 Qb6 18. b4 a4 19. Rac1 Qd6 20. Bd4 Rac8 21. Rxc8 Rxc8 22. Rc1 Rxc1+ 23. Qxc1 Kf7 24. Qc8 Ne5 25. f4 Qc6 26. Qh8 Qc1+ 27. Nf1 Ng6 28. Qxh7 Nf8 29. Qh8 Qxa3 30. Bg4 Qxb4 31. Bh5+ g6 32. Bxg6+ Nxg6 33. Qh7+ Kf8 34. Qxh6+ Kf7 35. Qh7+ Kf8 36. Be3 Ke8 37. Qxg6+ Kd7 38. f5 e5 39. Qg8 Qd6 40. h4 a3 41. Nd2 a2 42. Nb3 d4 43. Bd2 Qa3 44. Qd5+ Kc7 45. Qxb5 Qxb3 46. Qxb3 a1Q+ 47. Kf2 Qh1 48. Ba5+ Kc6 49. Qb6+ Kd7 50. Qb5+ Kd6 51. Bb4+ Kc7 52. Bxe7 Qh2+ 53. Kf3 e4+ 54. dxe4 Qh1+ 55. Kf4 1-0

[Event "Botvinnik Cup"]
[Site "Moscow"]
[Date "2020.12.20"]
[Round "3.1"]
[White "Kobalia, Mihail"]
[Black "Titov, Alexander"]
[Result "1-0"]
[WhiteElo "2587"]
[BlackElo "2079"]
[PlyCount "141"]
[EventDate "2020.12.18"]
[EventType "team-tourn"]
[EventRounds "5"]
[EventCountry "RUS"]
[SourceTitle "CBM 199 Extra"]
[Source "ChessBase"]
[SourceDate "2021.01.31"]
[SourceVersion "1"]
[SourceVersionDate "2021.01.31"]
[SourceQuality "1"]
[WhiteTeam "Russia"]
[BlackTeam "Moscow"]
[WhiteTeamCountry "RUS"]
[BlackTeamCountry "RUS"]

1. e4 e6 2. d3 Nf6 3. Nf3 d5 4. Nbd2 c5 5. g3 b6 6. Bg2 Bb7 7. e5 Nfd7 8. 0-0 Nc6 9. Re1 Qc7 10. Qe2 Be7 11. c4 Nf8 12. Nf1 0-0-0 13. h4 h6 14. a3 Kb8 15. Rb1 Rg8 16. N1h2 Nh7 17. Bd2 dxc4 18. dxc4 g5 19. hxg5 Nxg5 20. Bxg5 hxg5 21. Ng4 Nd4 22. Nxd4 Rxd4 23. Rbd1 Rgd8 24. Rxd4 Rxd4 25. Rd1 Rxd1+ 26. Qxd1 Kc8 27. Qd3 Bd8 28. Be4 a6 29. Nh6 Bxe4 30. Qxe4 Kb8 31. Kg2 f5 32. exf6 Bxf6 33. b3 Qd7 34. a4 Bd4 35. Ng4 Qf7 36. Qc6 Qb7 37. Qxb7+ Kxb7 38. Nh2 b5 39. axb5 axb5 40. Nf3 bxc4 41. bxc4 Bf6 42. Nd2 Kb6 43. Nb3 g4 44. f3 gxf3+ 45. Kxf3 Kc6 46. Kf4 Bc3 47. g4 Kd6 48. g5 Bb2 49. Kg4 Bg7 50. Kh5 Bc3 51. Kg6 Bb2 52. Kf7 Bc3 53. g6 Bh8 54. Na5 e5 55. Nb7+ Kc6 56. Nd8+ Kd6 57. Kf8 Bf6 58. Nb7+ Kc6 59. Na5+ Kd6 60. Kf7 Bh8 61. Nb7+ Kc6 62. Nd8+ Kd6 63. g7 Bxg7 64. Kxg7 Ke7 65. Nf7 Ke6 66. Nh6 e4 67. Ng4 Kf5 68. Ne3+ Ke5 69. Nc2 Kf4 70. Kf6 Kf3 71. Ke5 1-0

[Event "St Petersburg Korchnoi Memorial op"]
[Site "St Petersburg"]
[Date "2019.08.20"]
[Round "7"]
[White "Titov, Alexander"]
[Black "Shimelkov, Vasiliy"]
[Result "0-1"]
[WhiteElo "1961"]
[BlackElo "2169"]
[PlyCount "80"]
[EventDate "2019.08.14"]
[EventType "swiss"]
[EventRounds "9"]
[EventCountry "RUS"]
[SourceTitle "CBM 192"]
[Source "ChessBase"]
[SourceDate "2019.10.31"]
[SourceVersion "1"]
[SourceVersionDate "2019.10.31"]
[SourceQuality "1"]

1. d4 d5 2. c4 e6 3. Nc3 Nf6 4. cxd5 exd5 5. Bg5 Be7 6. e3 h6 7. Bxf6 Bxf6 8. Bd3 c5 9. Nge2 Nc6 10. dxc5 Qa5 11. 0-0 Qxc5 12. Rc1 Qa5 13. Bb1 Be6 14. Nf4 0-0-0 15. Na4 Kb8 16. Rc5 Qc7 17. Nxd5 Qd7 18. e4 Be7 19. Rb5 Nb4 20. Qe2 Bxd5 21. exd5 a6 22. Rxb4 Bxb4 23. Qe5+ Bd6 24. Qd4 Qc7 25. g3 Be5 26. Qe4 Rhe8 27. Re1 Bxg3 28. Qxe8 Bxh2+ 29. Kg2 Rxe8 30. Rxe8+ Ka7 31. Nc3 Be5 32. Ne4 f5 33. Nd2 Bxb2 34. Nf3 g5 35. Re2 g4 36. Nh4 f4 37. f3 Bf6 38. Nf5 Qc4 39. Re4 gxf3+ 40. Kxf3 Qf1+ 0-1

[Event "St Petersburg Korchnoi Memorial op"]
[Site "St Petersburg"]
[Date "2019.08.17"]
[Round "4"]
[White "Vozmilov, Lev"]
[Black "Titov, Alexander"]
[Result "0-1"]
[WhiteElo "1681"]
[BlackElo "1961"]
[PlyCount "116"]
[EventDate "2019.08.14"]
[EventType "swiss"]
[EventRounds "9"]
[EventCountry "RUS"]
[SourceTitle "CBM 192"]
[Source "ChessBase"]
[SourceDate "2019.10.31"]
[SourceVersion "1"]
[SourceVersionDate "2019.10.31"]
[SourceQuality "1"]

1. e4 e6 2. d4 d5 3. Nd2 c5 4. exd5 exd5 5. Ngf3 Nf6 6. Bb5+ Bd7 7. Bxd7+ Nbxd7 8. 0-0 Be7 9. dxc5 Nxc5 10. c3 0-0 11. Nb3 Nce4 12. Bf4 Re8 13. Qd3 Qb6 14. Rad1 Rac8 15. Nfd4 a6 16. Nf5 Bf8 17. Be3 Qc7 18. f3 Nd6 19. Bf4 Qb6+ 20. Be3 Qd8 21. Nxd6 Qxd6 22. Bf2 b5 23. Rfe1 Red8 24. a3 Qc7 25. Kh1 Bd6 26. Bg1 Qc5 27. Na5 Qc7 28. Nb3 Rb8 29. Nd4 Qb7 30. Nf5 Bf8 31. Qd4 a5 32. Be3 Qa6 33. Bg5 Rb6 34. Ne7+ Kh8 35. Qh4 Qb7 36. Nf5 b4 37. axb4 axb4 38. Be3 Rc6 39. Bd4 Qd7 40. Ne3 bxc3 41. bxc3 Be7 42. Nf5 Qxf5 43. Rxe7 Kg8 44. Rde1 Re6 45. Bxf6 Qxf6 46. R7xe6 fxe6 47. Qxf6 gxf6 48. Rxe6 Rc8 49. Kg1 Rxc3 50. Rxf6 d4 51. Rd6 d3 52. g4 d2 53. Kf2 Rc2 54. Kg3 Kf7 55. h4 Ke7 56. Rd3 Ke6 57. f4 Rc3 58. Rxc3 d1Q 0-1

[Event "EU-ch U10 25th"]
[Site "Porec"]
[Date "2015.09.29"]
[Round "8"]
[White "Titov, Alexander"]
[Black "Radovanovic, Luka"]
[Result "1-0"]
[WhiteElo "1584"]
[BlackElo "1359"]
[PlyCount "99"]
[EventDate "2015.09.21"]
[EventType "swiss"]
[EventRounds "9"]
[EventCountry "CRO"]
[SourceTitle "EXT 2016"]
[Source "ChessBase"]
[SourceDate "2015.10.08"]
[SourceVersion "1"]
[SourceVersionDate "2015.10.08"]
[SourceQuality "1"]

1. d4 d5 2. c4 e6 3. Nf3 Nf6 4. e3 Be7 5. Nc3 0-0 6. Bd3 Nbd7 7. 0-0 b6 8. cxd5 exd5 9. Qe2 Bb7 10. Ba6 Bxa6 11. Qxa6 c5 12. Re1 Re8 13. Bd2 Qc8 14. Qd3 Qb7 15. a4 Rad8 16. a5 Ne4 17. axb6 axb6 18. Qa6 Qxa6 19. Rxa6 Nxc3 20. Bxc3 Ra8 21. Rea1 Rxa6 22. Rxa6 Bf6 23. Ra7 Nf8 24. Ne5 cxd4 25. exd4 Bxe5 26. dxe5 Ng6 27. g3 h5 28. f4 Ne7 29. Rb7 Nc8 30. Bd4 Re6 31. Rb8 Rc6 32. Bxb6 Rxb6 33. Rxc8+ Kh7 34. Rc2 Kg6 35. Kf2 f6 36. exf6 Kxf6 37. Ke3 Ke6 38. Kd4 Rb4+ 39. Kc5 Re4 40. b4 Kd7 41. b5 Re6 42. Kxd5 Rd6+ 43. Kc5 g6 44. Ra2 Rd3 45. Ra7+ Kc8 46. Rg7 Rd2 47. h4 Rc2+ 48. Kb6 Re2 49. Rxg6 Re7 50. f5 1-0